000 00596nam a2200205Ia 4500
003 OSt
005 20250122132903.0
008 210716s1988 xx 000 0 und d
020 _a0821728393
040 _cAIMIT LIBRARY
041 _aeng
082 _a808.83
_21
_bREAM
100 _aReagan, Michael.
_9194544
245 _aMichael Reagan on the outside looking in with joe hyams /
_cBy Michael Reagan.
250 _a1st ed.
260 _aNew York :
_bKensington Publishing ;
_c1988.
300 _a352p. ;
_bPB
_c17 cm.
650 _aNovels
_9194545
942 _2ddc
_cBK
_e1st ed.
_k808.83 REAM
999 _c199917
_d199917